000 00699nam a2200289Ia 4500
005 20260324131505.0
008 008 260324s9999 xx 000 0 eng d
020 _a9780203969922
037 _aEBOOK
040 _aCRL
040 _beng
040 _cCRL
041 _2eng
041 _aeng
084 _qCRL
100 _aRobert Hackett; William Carroll
_91185711
245 0 _aRemaking Media
245 4 _bThe Struggle to Democratize Public Communication
260 _bTaylor and Francis
260 _c2006
365 _a
365 _b120
856 _uhttp://www.taylorfrancis.com/books/9780203969922
942 _cEBOOK
999 _c1782906
_d1782906